Online Catalogue and eLibrary

Yawwanathwaya ha mathruthwaya (Record no. 1516)

MARC details
000 -LEADER
fixed length control field 00448nam a2200157Ia 4500
005 - DATE AND TIME OF LATEST TRANSACTION
control field 20250620004749.0
008 - FIXED-LENGTH DATA ELEMENTS--GENERAL INFORMATION
fixed length control field 240331s9999 xx 000 0 und d
020 ## - INTERNATIONAL STANDARD BOOK NUMBER
ISBN 9559008161
082 ## - DDC Classification
Item Number - Author Mark ATU
Class No. 613
100 ## - MAIN ENTRY--PERSONAL NAME
Personal name Atukorala,D.R
245 #0 - TITLE STATEMENT
Title Yawwanathwaya ha mathruthwaya
260 ## - PUBLICATION, DISTRIBUTION, ETC.
Place of publication, distribution, etc. Panadura
Name of publisher, distributor, etc. Shiksha Mandira Publication
Date of publication, distribution, etc. 1991
300 ## - PHYSICAL DESCRIPTION
Extent (e.g. Volumes, Pages etc.) 224 p .,
500 ## - GENERAL NOTE
General note Its a book of youth and Motherhood - A handbook for young mothers
942 ## - Koha item type (Biblio)
Koha item type Books in Stacks (Lending)
Holdings
Lost status Damaged status Collection code Home library Current library Shelving location Date acquired Full call number Accession Number Item type
    Lending WERC Library WERC Library Social Science Cupboard 03/31/2024 613 ATU 1408 Books in Stacks (Lending)

© WERC Library